Gia công tia lửa điện CNC

Sparad:
Bibliografiska uppgifter
Huvudupphovsman: Vũ, Hoài Ân
Materialtyp: Bok
Språk:Undetermined
Publicerad: Hà Nội Khoa học và Kỹ thuật 2005
Ämnen:
Taggar: Lägg till en tagg
Inga taggar, Lägg till första taggen!
Thư viện lưu trữ: Trung tâm Học liệu Trường Đại học Cần Thơ
LEADER 00556nam a2200205Ia 4500
001 CTU_95318
008 210402s9999 xx 000 0 und d
020 |c 26000 
082 |a 621.9023 
082 |b Â121 
100 |a Vũ, Hoài Ân 
245 0 |a Gia công tia lửa điện CNC 
245 0 |c Vũ Hoài Ân 
260 |a Hà Nội 
260 |b Khoa học và Kỹ thuật 
260 |c 2005 
650 |a Machine tools 
650 |x Numerical control 
904 |i Minh 
980 |a Trung tâm Học liệu Trường Đại học Cần Thơ